Quizzes
Events
Quiz Creation
Community
Videos
Private Events
Remove Ads
Sign In
Join for FREE
Feedback
Dark Mode
Quiz Categories
Sports
Geography
Music
Movies
Television
Just For Fun
Miscellaneous
History
Literature
Language
Science
Gaming
Entertainment
Religion
Holiday
For Kids
Quiz Lab
Recent
Popular Today
Quiz Kudos Today
Editor Picks
Curator Picks
Quizzes by...
Day
Popularity
Type
Ratings
Length
Year
Community
Subscriptions
Recent Discussions
Orange Saloon
Badges
Playlists
Quests
Create
Leaderboards
Showdown
Live 5
Trivia Bingo
Activity
Puzzle Library
Sporcle Events
Private Events
Virtual Trivia
Globe League
Become a Host
Pub Owners
SporcleCon
Opinionation
Our Games
Videos
Blog
Mobile Apps
Partnerships
Remove Ads and Go Orange
Feedback
Movies
Disney
Marvel Cinematic Universe
Movie Resume
Movie Titles
Oscar
Actor
Actress
Director
Pixar
Role
Movie Quotes
Movie Characters
Box Office
Nominee
Best Picture
Star Wars
James Bond
Horror Movies
Movies
Disney
Marvel Cinematic Universe
Movie Resume
Movie Titles
Oscar
Actor
Actress
Director
Pixar
Role
Movie Quotes
Movie Characters
Box Office
Nominee
Best Picture
Star Wars
James Bond
Horror Movies
Random Quiz
Search Sporcle
×
Curator Pick
Curator Pick
Movies
Actor
Type in answers that appear in a list
Type in answers that appear in a list
Classic
Best Score? Go Orange.
Horror Actors by Picture Stats
Can you name the Horror Actors by Picture?
By
EddieFelson
6m
25 Questions
1,830 Plays
1,830 Plays
1,830 Plays
Comments
Comments
Give Quiz Kudos
Give Quiz Kudos
-
- Ratings
hide this ad
Replay
Link that replays current quiz
Next Quiz
Link to next quiz in quiz playlist
You Got
0%
They Got
Avg Score
45%
Avg Friend Score
Upgrade to see
Score Distribution
Jump to the score distribution portion of the page
Score
0/25
Timer
06:00
0
Plays Today
Picture
Actor
% Correct
11
Jamie Lee Curtis
84%
1
Robert Englund
76.8%
23
Neve Campbell
76.8%
4
Vincent Price
73%
12
Anthony Perkins
64.9%
14
Bela Lugosi
59.7%
9 Full name required
Bruce Campbell
58.5%
10
Boris Karloff
57.8%
20
Christopher Lee
55.7%
22
Warwick Davis
53.6%
8
Janet Leigh
47%
3
Tony Todd
46.3%
6
Peter Cushing
43.3%
Picture
Actor
% Correct
7
Tom Savini
40.4%
19
Kane Hodder
39.1%
5
Heather Langenkamp
38.5%
18
Lon Chaney Jr.
32.5%
24
Adrienne Barbeau
31.3%
15
Brad Dourif
31.1%
13
Dee Wallace
29.6%
2
Gunnar Hansen
25%
17
Jeffrey Combs
23.7%
16
Doug Bradley
22%
21
Asia Argento
21%
25
Max Schreck
16.4%
Quiz Playlist
Details
Report
Send in Message
Add To Playlist
Classic:
Type in answers that appear in a list
Last Updated: Jun 27, 2017
Curator Pick in
Horror Movies
Quiz Scoreboard
CHALLENGE
Sign Up to Join the Scoreboard
Show All
Scores
Hide
Comments
May contain spoilers
Recently Published
Popular People in 1961
by mucciniale
History
6m
1-10 Letter E Words III
by El_Dandy
Language
2m
One Thing in Common: World Cities II
by knightlancer
Geography
7m
More to Explore
Quiz From the Vault
Featured Blog Post
Where Did the Easter Bunny Come From?
hide this ad
You Might Also Like...
Tags
Actor Quiz
Horror Movies Quiz
horror
Image Quiz
Today's Top Quizzes in Movies
Browse Movies
hide this ad
Today's Top Quizzes in Actor
Browse Actor
Top Contributed Quizzes in Movies
1
Multi-Oscar Nominations, One Movie, One Winner
2
12 Movies about Fictional 1960s Events
3
One Thing in Common: Movies
4
Three Word 'T' Movies Match Up
5
Three Word 'H' Movies Match Up
6
Three Word 'M' Movies Match Up
7
Three Word 'L' Movies Match Up
8
Three Word 'R' Movies Match Up
9
Three Word 'S' Movies Match Up
10
Three Word 'U' & 'V' Movies Match Up
Explore More
Trending Topics
Marvel
Crossword
NBA
Anime
Disney
Harry Potter
Kpop
Puzzle
NFL
Pokémon
Song
Soccer
The Office
Country
WWE
hide this ad
More By:
EddieFelson
Quiz
Plays
Rating
Category
Featured
Created
So '80s Movies
80,550
4.28
Movies
Nov 1, 2010
Movie Title Mix
70,382
4.25
Movies
Mar 4, 2011
Actors With First Names in Common
70,329
4.62
Movies
Jun 17, 2013
Movies by Last 3 Letters
45,526
4.35
Movies
Aug 3, 2013
More Actors With First Names in Common
27,684
4.36
Movies
Jul 1, 2013
Go to Creator's Profile
Score Distribution
Quiz Creator Spotlight
EddieFelson
Follow
Send a Message
Quizzes Created
-
Created Quiz Play Count
-
More By This Creator
Popular Quizzes Today
1
Find the US States - No Outlines Minefield
2
The Countries of the World
3
Popular People in 1961
4
Find the Countries of Europe - No Outlines Minefield
5
1-10 Letter E Words III
6
Find the US States
7
One Thing in Common: World Cities II
8
US States
More Movies Quizzes
Samuel L. Jackson Venn Diagram
Editor's Pick
Trending Quizzes
Country Music Stars Doing Things
Get the Picture: Carrie or Dolly
1-10 Letter F Words
1-10 Letter G Words
Risky Map Clicking: Next State Alphabetically
Recently Updated
Leaping Animals
pecheneg
Reality TV Shows (A-Z)
bhenderson79
Rickey Henderson's Hall of Fame Teammates
pecheneg
Champions League XIs: Arsenal
pecheneg
Quick Pick: Celebrities in WWE's Hall of Fame
aduchscher
A-Z Keypad Blitz II
pecheneg
Multiple Oscar Actors
pecheneg
Mystery Phrase Blitz: Oscar 'Best Actors'
pecheneg
F. Scott Fitzgerald Novels
LTH
Pick 3 Villains
ddd62291
Trending Topics
Marvel
Anime
Crossword
NBA
Kpop
Harry Potter
Disney
The Office
Song
Soccer
NFL
Country
Pokémon
WWE
Puzzle
Your Account Isn't Verified!
In order to create a playlist on Sporcle, you need to verify the email address you used during registration. Go to your
Sporcle Settings
to finish the process.
Report this User
Report this user for behavior that violates our
Community Guidelines
.
Details:
Send Report
Go to the Sporcle.com Mobile Site →
Comments